000 00570nam a2200181 4500
001 138545
003 ES-MaACL
005 20250625170243.0
007 t|
008 070214s1967 sp r ||||1| spa d
100 1 _aSan Sebastián, Carmen.
_9102306
245 1 0 _aQuince misterios, ¿sí o no? /
_cCarmen San Sebastián ; prólogo de D. Nicolás González Ruiz.
260 _aMadrid :
_bStudium,
_c1967.
300 _a149 p. ;
_c18 cm.
700 1 _aGonzález Ruiz, Nicolás,
_d1897-1967
_958946
852 _aES-MaACL
_jC-33677
_bR.64341
999 _c138545
_d138545